Podlaskie - prawda czy fałsz? - Statystyki

Ogólne statystyki
  • Ten quiz został rozwiązany 102 razy
    34 od ostatniego zresetowania
  • Średni wynik to 10 z 15
Statystyki odpowiedzi
Zagadnienie Odpowiedź % Poprawnych
Posiada 3 miasta na prawach powiatu Prawda
88%
Słynie z potraw z Ziemniaków Prawda
88%
Zenek Martyniuk pochodzi z Podlasia Prawda
88%
Największą większością etniczną na Podlasiu są Ukraińcy Fałsz
83%
Kartacze to potrawa przypominająca kluski śląskie wypełnione mięsem Prawda
79%
Biała podlaska leży w tym Województwie Fałsz
75%
Wigry to największe jezioro w Polsce Fałsz
75%
Posiada cztery Parki Narodowe oraz 2 krajobrazowe Fałsz
58%
Podlaskie jest mniejsze od województwa Podkarpackiego Fałsz
58%
Flaga województwa posiada 4 Paski w swojej fladze Prawda
58%
Podlasie Posiada ludność powyżej 1 miliona mieszkańców Prawda
54%
Województwo podlaskie graniczy z dwoma innymi krajami Prawda
50%
Podlaskie Posiada najmniejszą gęstość zaludnienia w Polsce Prawda
50%
Pod Suwałkami są lodowce Prawda
33%
Przez Podlaskie płynie Bug Fałsz
21%
Nie znaleziono quizów pasujących do podanych kryteriów
Rozkład punktacji
Procent ludzi z każdym wynikiem
Percentyl według liczby udzielonych odpowiedzi
Twoja historia wyników
Nie rozwiązałeś tego quizu od ostatniego zresetowania